5HLuxD.jpg

KING HENRY VIII SENIOR AND PRIMARY SCHOOL LIBRARY OPAC

Slimy Stuarts / (Record no. 2091)

000 -LEADER
fixed length control field 01048pam a2200325 a 4500
001 - CONTROL NUMBER
control field 013824084
003 - CONTROL NUMBER IDENTIFIER
control field Uk
005 - DATE AND TIME OF LATEST TRANSACTION
control field 20230306135307.0
008 - FIXED-LENGTH DATA ELEMENTS--GENERAL INFORMATION
fixed length control field 070813s1996 enka j 000 0 eng d
015 ## - NATIONAL BIBLIOGRAPHY NUMBER
National bibliography number GBA766594
Source bnb
016 7# - NATIONAL BIBLIOGRAPHIC AGENCY CONTROL NUMBER
Record control number 013824084
Source Uk
020 ## - INTERNATIONAL STANDARD BOOK NUMBER
International Standard Book Number 9781407104294 (pbk.) :
040 ## - CATALOGING SOURCE
Original cataloging agency StDuBDS
Language of cataloging eng
Transcribing agency StDuBDS
Modifying agency Uk
-- KH8
042 ## - AUTHENTICATION CODE
Authentication code ukblsr
082 04 - DEWEY DECIMAL CLASSIFICATION NUMBER
Classification number 941.06 DEA
Edition number 22
100 1# - MAIN ENTRY--PERSONAL NAME
Personal name Deary, Terry.
Relator term author
245 14 - TITLE STATEMENT
Title Slimy Stuarts /
Statement of responsibility, etc. Terry Deary ; illustrated by Martin Brown.
260 ## - PUBLICATION, DISTRIBUTION, ETC.
Place of publication, distribution, etc. London :
Name of publisher, distributor, etc. Scholastic,
Date of publication, distribution, etc. 1996
Date of manufacture (2007 printing)
300 ## - PHYSICAL DESCRIPTION
Extent 140 p. :
Other physical details ill. ;
Dimensions 20 cm.
336 ## - CONTENT TYPE
Content type term text
Source rdacontent
337 ## - MEDIA TYPE
Media type term unmediated
Source rdamedia
338 ## - CARRIER TYPE
Carrier type term volume
Source rdacarrier
490 1# - SERIES STATEMENT
Series statement Horrible histories
500 ## - GENERAL NOTE
General note Formerly CIP.
Institution to which field applies Uk
651 #0 - SUBJECT ADDED ENTRY--GEOGRAPHIC NAME
Geographic name Great Britain
General subdivision History
Chronological subdivision Stuarts, 1603-1714
Form subdivision Juvenile literature.
651 #0 - SUBJECT ADDED ENTRY--GEOGRAPHIC NAME
Geographic name Great Britain
General subdivision Social life and customs
Chronological subdivision 17th century
Form subdivision Juvenile literature.
700 1# - ADDED ENTRY--PERSONAL NAME
Personal name Brown, Martin,
Dates associated with a name 1959-
Relator term illustrator
830 #0 - SERIES ADDED ENTRY--UNIFORM TITLE
Uniform title Horrible histories.
942 ## - ADDED ENTRY ELEMENTS (KOHA)
Source of classification or shelving scheme
Koha item type Books - Non Ficton
Holdings
Withdrawn status Lost status Source of classification or shelving scheme Damaged status Not for loan Collection code Permanent Location Current Location Shelving location Date acquired Total Checkouts Full call number Barcode Date last seen Date last checked out Price effective from Koha item type
          Non-Fiction KH8 Primary School Library KH8 Primary School Library Non Fiction 2023-03-06 6 941.06 DEA KHPL000003831 2025-11-27 2025-02-24 2023-03-06 Books - Non Ficton

Powered By KH8 IT Dept